000 00682cab a2200241 4500
001 ABS57302
008 090401t1997 xxu||||| |||| 00| 0 eng d
035 _a(Sirsi) u79843
041 _aeng
100 _aKirkwood, J.
245 _aMore than post-modern
260 _c1997
350 _a0
490 _aEstates Gazette
_v(9729) 19 July 1997, 67-68(2)
520 _aBeginners guide to the use of e-mail, highlighting its benefits and possible applications.
650 _aCOMMUNICATION
650 _aDISCUSSION LISTS
650 _aE-MAIL
650 _aSOFTWARE
690 _aMANAGEMENT-BUSINESS MANAGEMENT-INFORMATION MANAGEMENT
942 _n0
948 _c24/07/1997
999 _c50238
_d50238